| 000 | 00463nam a22001457a 4500 | ||
|---|---|---|---|
| 999 |
_c3816 _d3816 |
||
| 008 | 200702b ||||| |||| 00| 0 eng d | ||
| 082 | 0 | 0 |
_a726.1 _bM712 |
| 110 |
_91726 _aMinistry of information and Broad Casting, India. |
||
| 245 | 1 | 0 |
_aTemples of North India _cby Ministry of information and Broad Casting, India. |
| 260 |
_aDelhi _bMinistry of information and Broad Casting _c1959 |
||
| 300 | _a150p. | ||
| 365 | _d1.50 | ||
| 650 | 0 | _aHindu Temples | |
| 942 | _cBK | ||